Literary History of England (Record no. 37268)

MARC details
000 -LEADER
fixed length control field 00415nam a2200145Ia 4500
008 - FIXED-LENGTH DATA ELEMENTS--GENERAL INFORMATION
fixed length control field 211109s9999||||xx |||||||||||||| ||und||
082 ## - DEWEY DECIMAL CLASSIFICATION NUMBER
Classification number 936.2
Item number BAU-L
100 ## - MAIN ENTRY--PERSONAL NAME
Personal name Baugh, Albert C
245 #0 - TITLE STATEMENT
Title Literary History of England
260 ## - PUBLICATION, DISTRIBUTION, ETC.
Name of publisher, distributor, etc. Routledge & Kegan Paul
Place of publication, distribution, etc. London
Date of publication, distribution, etc. 1972
300 ## - PHYSICAL DESCRIPTION
Extent 700p.
630 ## - SUBJECT ADDED ENTRY--UNIFORM TITLE
General subdivision General Stack
650 ## - SUBJECT ADDED ENTRY--TOPICAL TERM
Topical term or geographic name entry element HISTORY
942 ## - ADDED ENTRY ELEMENTS (KOHA)
Koha item type BOOK
650 ## - SUBJECT ADDED ENTRY--TOPICAL TERM
Form subdivision HISTORY OF ENGLANDLITERARY HISTORYENGLAND
General subdivision English
Holdings
Withdrawn status Lost status Damaged status Not for loan Home library Current library Date acquired Cost, normal purchase price Total Checkouts Full call number Barcode Shelving location Date last seen Price effective from Koha item type
        SB LIBRARY SB LIBRARY 09/11/2021 150.00   936.2 BAU-L 00038677 GENERAL STACK 09/11/2021 09/11/2021 BOOK

Powered by Koha